000 01367cam a22003737a 4500
003 CHAP
005 20220329142408.0
008 001116d2000 mx o r 00110 spa d
010 _a82848
011 _a83820
035 _a94337
040 _cCHAP
090 _aTesis
100 0 0 _aHernández García, Alberto.
_954036
245 1 0 _aManejo fitosanitario y producción de romerito (Suaeda diffusa wats) en San Andrés Mixquic, Delegación Tláhuac, D.F.
_c/por Alberto Hernández García.
260 _aChapingo, Méx. :
_bEl autor,
_c2000.
300 _a52 h. :
_bfots.
502 _aTesis (Ing. Agr. Esp. en Parasitología Agrícola) -- UACH. Departamento de Parasitología Agricola.
590 _aALEPH
_b10
_c20130110
_lUCH01
_h1439
590 _aBATCH-UPD
_b10
_c20130110
_lUCH01
_h0547
590 _aBATCH-UPD
_b10
_c20130110
_lUCH01
_h2257
590 _aBATCH-UPD
_b10
_c20130410
_lUCH01
_h0229
590 _aBATCH-UPD
_b10
_c20130914
_lUCH01
_h1042
590 _aCONVERSION
_b10
_c20130109
_lUCH01
_h1346
650 1 4 _aControl de plagas.
_927595
650 1 4 _aCopitarsia consueta.
_927883
650 1 4 _aCultivos
_xRendimiento.
_930318
650 1 4 _aRomeritos
_xMéxico (D.F.)
_999508
901 _aBK
905 _aEdna Luz
942 _cFOLL
949 _bBC
_cTES
_d33724000813515
_eTS2
_fc.2
_h37474
_i94337
_si
949 _bBC
_cTES
_d943371
_eTS1
_h37473
_i94337
_sb
999 _c82848
_d82848